Luyện nghe tiếng Trung Quốc Nghe tin tức
Bao gồm các bài nghe về tin tức được viết bằng tiếng Hoa
Gardado en:
| Formato: | Libro |
|---|---|
| Idioma: | Chinese |
| Publicado: |
TP. Hồ Chí Minh
Nxb Tổng hợp TP. Hồ Chí Minh
2008
|
| Những chủ đề: | |
| Các nhãn: |
Engadir etiqueta
Sen Etiquetas, Sexa o primeiro en etiquetar este rexistro!
|
| Thư viện lưu trữ: | Trung tâm Học liệu Lê Vũ Hùng, Trường Đại học Đồng Tháp |
|---|
| LEADER | 00783aam a22002298a 4500 | ||
|---|---|---|---|
| 001 | 00028894 | ||
| 008 | 120424s2008 ||||||chisd | ||
| 005 | 20171026081023.0 | ||
| 020 | |c 60000 | ||
| 041 | 0 | # | |a chi |
| 082 | 1 | 4 | |a 495.1 |b L527NGH |
| 245 | 1 | 0 | |a Luyện nghe tiếng Trung Quốc |b Nghe tin tức |
| 260 | # | # | |a TP. Hồ Chí Minh |b Nxb Tổng hợp TP. Hồ Chí Minh |c 2008 |
| 300 | # | # | |a 159 tr. |c 26 cm. |
| 520 | # | # | |a Bao gồm các bài nghe về tin tức được viết bằng tiếng Hoa |
| 653 | # | # | |a Nghe |
| 653 | # | # | |a Ngôn ngữ |
| 653 | # | # | |a Tiếng Hoa |
| 852 | # | # | |b Kho đọc |j KD.0013424 |
| 852 | # | # | |j KD.0013424 |
| 910 | |d 24/04/2012 | ||
| 980 | # | # | |a Trung tâm Học liệu Lê Vũ Hùng, Trường Đại học Đồng Tháp |